Analýza sentimentu a její problémy

Väčšina ľudí sa rozhoduje na základe odporúčaní. V dnešnej dobe ale odporúčania nedávajú iba nám známe osoby. Akékoľvek informácie si môžeme nájsť na webe. Aj firmy nemusia rozdávať dotazníky, či zamestnávať externých analytikov, aby zistili verejnú mienku.

Gespeichert in:
Bibliographische Detailangaben
1. Verfasser: Kumstová, Lucie
Format: Buchkapitel
Sprache:Tschechisch
Schlagworte:
Tags: Tag hinzufügen
Keine Tags, Fügen Sie das erste Tag hinzu!

MARC

LEADER 00000naa a2200000 4500
001 0190835
005 20240417075045.7
041 0 |a cze 
044 |a CZ 
245 1 0 |a Analýza sentimentu a její problémy  |c Lucie Kumstová 
520 |a Väčšina ľudí sa rozhoduje na základe odporúčaní. V dnešnej dobe ale odporúčania nedávajú iba nám známe osoby. Akékoľvek informácie si môžeme nájsť na webe. Aj firmy nemusia rozdávať dotazníky, či zamestnávať externých analytikov, aby zistili verejnú mienku. 
610 2 0 |a mienka verejná 
610 2 0 |a postoje 
610 2 0 |a emócie 
610 2 0 |a analýzy 
610 2 0 |a využitie počítačov 
100 1 |a Kumstová, Lucie